Greek political theory; (Record no. 542438)

000 -LEADER
fixed length control field 00392cam a2200145u 4500
082 ## - DEWEY DECIMAL CLASSIFICATION NUMBER
Classification number 320.01
Author Mark BAR
-- N01,P-155
100 1# - MAIN ENTRY--PERSONAL NAME
Personal name Barker, Ernest,
9 (RLIN) 37612
245 00 - TITLE STATEMENT
Title Greek political theory;
250 ## - EDITION STATEMENT
Edition statement 2d. ed.
260 ## - PUBLICATION, DISTRIBUTION, ETC.
Place of publication, distribution, etc. Delhi,
Name of publisher, distributor, etc. Cosmo Publications.
Date of publication, distribution, etc. 1925.
300 ## - PHYSICAL DESCRIPTION
Extent xiii, 403, [1] p.
Dimensions 23 cm.
526 ## - STUDY PROGRAM INFORMATION NOTE
Program name 0
Interest level 0
Reading level 0
Title point value 320_010000000000000_BAR
650 ## - SUBJECT ADDED ENTRY--TOPICAL TERM
Topical term or geographic name entry element NUST
9 (RLIN) 6342
942 ## - ADDED ENTRY ELEMENTS (KOHA)
Source of classification or shelving scheme
Koha item type Book
Holdings
Withdrawn status Lost status Source of classification or shelving scheme Damaged status Not for loan Permanent Location Current Location Date acquired Total Checkouts Full call number Barcode Date last seen Price effective from Koha item type
          Military College of Engineering (MCE) Military College of Engineering (MCE) 12/20/2013   320.01 BAR MCE-39005 12/20/2013 12/20/2013 Book
© 2023 Central Library, National University of Sciences and Technology. All Rights Reserved.